000 00965pam a2200301 a 4500
001 3760
005 20260305152119.0
020 _a0439188199
040 _aDLC
_cDLC
_dDLC
_beng
050 0 0 _aQL78.A15
082 0 0 _a597.0074
100 0 _aAliki
245 1 0 _aMy visit to the aquarium /
_cAliki
260 _aNew York :
_bScholastic ;
_c1993
300 _a33 pages :
_bcolor illustrations ;
_c29 cm.
505 _aR
520 _aDuring his visit to an aquarium, a boy finds out about the characteristics and environments of many different marine and freshwater creatures.
521 _a710
_bLexile AD
521 _aR
_bRaz-Plus
650 0 _aPublic aquariums
_vJuvenile literature
650 0 _aAquatic biology
_vJuvenile literature.
650 1 _aAquariums.
650 1 _aAquatic biology.
650 1 _aMarine animals.
650 1 _aFreshwater animals.
906 _a7
_bcbc
_corignew
_d1
_eocip
_f19
_gy-gencatlg
942 _2ddc
_cBK
_n0
999 _c3760
_d3760